Normal view MARC view

Entry Personal Name

Number of records used in: 1

001 - CONTROL NUMBER

  • control field: 1239410

003 - CONTROL NUMBER IDENTIFIER

  • control field: OSt

005 - DATE AND TIME OF LATEST TRANSACTION

  • control field: 20260514122518.0

008 - FIXED-LENGTH DATA ELEMENTS

  • fixed length control field: 260514|| aca||aabn | a|a d

040 ## - CATALOGING SOURCE

  • Original cataloging agency: OSt
  • Transcribing agency: OSt

100 ## - HEADING--PERSONAL NAME

  • Personal name: Taneja Dr.Deepika

670 ## - SOURCE DATA FOUND

  • Source citation: Work cat.: (OSt)1851449: Taneja Dr.Deepika , Efficacy of Law Dose FSH and Intrauterine Insemination in non Responders to Clomiphene Citrate and Intrauterine Insemination in Unexplained Infertility: An Observational Study.
Copyright @ Delhi University Library System